Vyhorené jadrové palivo a jeho trasmutácia z hľadiska rizika pre životné prostredie

Saved in:
Bibliographic Details
Main Author: Oršula, Stanislav (Author)
Other Authors: Nečas, Vladimír, 1954- (Thesis advisor)
Format: Manuscript Book
Language:Slovak
Published: Bratislava : STU v Bratislave FEI, 2002
Subjects:
Tags: Add Tag
No Tags, Be the first to tag this record!

MARC

LEADER 00000ntm a22000003a 4500
001 stu78869
005 20160719164742.4
008 030130s2002------------------------slo-d
040 |a STU  |b slo 
041 0 |a slo 
100 1 |a Oršula, Stanislav  |4 aut 
245 1 |a Vyhorené jadrové palivo a jeho trasmutácia z hľadiska rizika pre životné prostredie 
260 |a Bratislava :  |b STU v Bratislave FEI,  |c 2002 
300 |a 58 s 
650 7 |a Elektroenergetické a silnoprúdové inžinierstvo  |2 stusub 
700 1 |a Nečas, Vladimír,  |d 1954-  |4 ths  |u E060  |U FEI Fakulta elektrotechniky a informatiky  |T FEI Ústav jadrového a fyzikálneho inžinierstva  |X 1934  |U E060  |Y 817  |7 A000001934